| 000 | 00573nam a2200193 i 4500 | ||
|---|---|---|---|
| 001 | 71550 | ||
| 003 | ES-MaACL | ||
| 005 | 20260114063023.0 | ||
| 007 | t| | ||
| 008 | 040812s1917 it ||||1| ita d | ||
| 100 | 1 |
_aGentile, Giovanni, _d1875-1944 _956357 |
|
| 245 | 1 | 3 |
_aLe origini della Filosofia contemporanea in Italia / _cGiovanni Gentile. |
| 260 |
_aMessina : _b[s.n., _c1917] ( _eCatania : _fDi Mattei & C.) |
||
| 300 |
_av. : _b22 cm. |
||
| 505 | 8 | _aT.I: I Platonici | |
| 740 | 2 | _aI Platonici. | |
| 852 |
_aES-MaACL _jB-13659 |
||
| 999 |
_c71550 _d71550 |
||